000 00753nam a2200253Ia 4500
003 OSt
005 20220926005303.0
006 a|||||r|||| 00| 0
007 ta
008 220923b |||||||| |||| 00| 0 eng d
020 _a8185330182
037 _cGeneral Book
040 _aRTL
_cRTL
_beng
041 _2eng
_aeng
082 _aX:77-75.2.N9, N2
100 _aPadmanabhan
_9310016
245 0 _aDevelopment challenges
_b Need for a new value system
260 _a New Delhi
_bSegment Books India
_c1992
300 _axi,136p.
_ccm.
500 _aBibliography p.107-30; Appendix p.71-106
650 _aEconomic Development
_917300
942 _hX:77-75.2.N9, N2
_cGB
_2CC
999 _c613443
_d613443